BANNED F1 innovations - Statistics

General Stats
  • This quiz has been taken 11 times
  • The average score is 6 of 12
Answer Stats
Picture Hint Answer % Correct
Williams Active suspension
90%
Mercedes Dual-axis steering
80%
Brabham Fan car
80%
Brawn GP Double diffuser
70%
McLaren F-duct
70%
Multiple teams X-wings
40%
Multiple teams Shark fins
30%
Tyrell Six-wheeled car
30%
McLaren Double brake pedal
20%
Red Bull Internal onboard camera
20%
Renault Mass damper
20%
Lotus Jet engine car
10%
No matching quizzes found
Score Distribution
Percent of People with Each Score
Percentile by Number Answered
Your Score History
You have not taken this quiz